ALL Virginia Cities - Statistics

General Stats
  • This quiz has been taken 251 times
  • The average score is 52 of 323
Answer Stats
Type City / Town % Correct
R County | Independent City Richmond
91%
V Independent City Virginia Beach
83%
N Independent City Norfolk
78%
A Independent City Alexandria
77%
A County Arlington
72%
C County Charlotte
68%
R County | Independent City Roanoke
68%
N Independent City Newport News
67%
P County Prince William
66%
C Independent City Chesapeake
64%
C Independent City Charlottesville
62%
F County | Independent City Fairfax
59%
W Independent City Williamsburg
59%
L Independent City Lynchburg
56%
B Town Blacksburg
54%
H Independent City Hampton
54%
F Independent City Fredericksburg
52%
S Independent City Suffolk
49%
F County Frederick
48%
L County Lee
47%
M Independent City Manassas
46%
B Independent City Bristol
43%
H Independent City Harrisonburg
43%
W Town Washington
43%
L Town Leesburg
40%
P Independent City Portsmouth
40%
Y County York
40%
D Independent City Danville
39%
P Independent City Petersburg
39%
W Independent City Winchester
38%
M Town Madison
34%
S Independent City Staunton
34%
A Town Appomattox
33%
F Independent City Falls Church
32%
F County | Independent City Franklin
30%
P County Prince George
29%
L Independent City Lexington
28%
S Independent City Salem
28%
S Town Shenandoah
28%
O Town Orange
27%
W County Warren
27%
C Town Culpeper
26%
M Independent City Martinsville
26%
S County Spotsylvania
25%
W Independent City Waynesboro
25%
F Town Front Royal
24%
H County Henrico
24%
V Town Vienna
24%
A Town Ashland
23%
C County Chesterfield
23%
G County Gloucester
23%
K County King George
23%
S County Sussex
23%
W Town Wise
23%
A County Albemarle
22%
E Independent City Emporia
22%
E County Essex
22%
H County Henry
22%
R Independent City Radford
22%
R County Rappahannock
22%
S County Stafford
22%
W County Wythe
22%
B Town Bedford
21%
M County Montgomery
21%
G Independent City Galax
20%
K County King and Queen
20%
K County King William
20%
L County Loudoun
20%
M Independent City Manassas Park
20%
N County Northampton
20%
P County Patrick
20%
S Town South Boston
20%
A County Augusta
19%
C County Cumberland
19%
H Town Halifax
19%
H Town Herndon
19%
H Independent City Hopewell
19%
L County Lancaster
19%
S County Southampton
19%
W Town Warrenton
19%
W Town Wytheville
19%
C Town Christiansburg
18%
F Town Farmville
18%
G County Goochland
18%
G County Greene
18%
H County Hanover
18%
P County Powhatan
18%
P County Prince Edward
18%
T Town Tazewell
18%
A Town Abingdon
17%
B County Bath
17%
B Town Buchanan
17%
B Independent City Buena Vista
17%
D County Dinwiddie
17%
F Town Floyd
17%
I County Isle of Wight
17%
L Town Louisa
17%
N County New Kent
17%
P Town Pulaski
17%
Q Town Quantico
17%
S Town Surry
17%
A Town Accomac
16%
A County Amelia
16%
A Town Amherst
16%
B County Brunswick
16%
C County Caroline
16%
C County Carroll
16%
C Independent City Covington
16%
F County Fauquier
16%
J County James City
16%
N County Nelson
16%
N Independent City Norton
16%
P County Page
16%
R County Rockingham
16%
S County Scott
16%
G County Giles
15%
L Town Luray
15%
R County Rockbridge
15%
C County Campbell
14%
C County Charles City
14%
C County Clarke
14%
C Independent City Colonial Heights
14%
F County Fluvanna
14%
G County Greensville
14%
H County Highland
14%
M Town Marion
14%
M County Mecklenburg
14%
M County Middlesex
14%
P County Pittsylvania
14%
W County Westmoreland
14%
B County Bland
13%
B Town Bluefield
13%
B County Buckingham
13%
C Town Clifton
13%
C County Craig
13%
H Town Hamilton
13%
P Independent City Poquoson
13%
R County Russell
13%
T Town Tappahannock
13%
A County Alleghany
12%
B County Botetourt
12%
C Town Chincoteague
12%
D Town Dumfries
12%
L County Lunenburg
12%
S Town Smithfield
12%
S County Smyth
12%
D County Dickenson
11%
M County Mathews
11%
D Town Dublin
10%
N County Northumberland
10%
N County Nottoway
10%
S Town Stuart
10%
C Town Cape Charles
9%
G County Grayson
9%
G Town Grundy
9%
H Town Haymarket
9%
R Town Rocky Mount
9%
S Town South Hill
9%
W Town Windsor
9%
B Town Berryville
8%
B Town Big Stone Gap
8%
C Town Clarksville
8%
C Town Clifton Forge
8%
C Town Colonial Beach
8%
N Town New Market
8%
P Town Purcellville
8%
S Town Strasburg
8%
A Town Altavista
7%
B Town Bowling Green
7%
B Town Bridgewater
7%
D Town Dayton
7%
E Town Exmore
7%
L Town Lebanon
7%
M Town Middleburg
7%
M Town Mineral
7%
O Town Occoquan
7%
O Town Onancock
7%
P Town Pearisburg
7%
V Town Victoria
7%
A County Accomack
6%
C Town Chatham
6%
C Town Courtland
6%
D Town Damascus
6%
H Town Hillsboro
6%
H Town Hillsville
6%
K Town Kilmarnock
6%
M Town Middletown
6%
N Town New Castle
6%
V Town Vinton
6%
W Town Wakefield
6%
W Town Warsaw
6%
A Town Alberta
5%
B Town Blackstone
5%
C Town Chilhowie
5%
C Town Cleveland
5%
D Town Dillwyn
5%
E Town Elkton
5%
F Town Fries
5%
G Town Glasgow
5%
G Town Gordonsville
5%
I Town Independence
5%
J Town Jonesville
5%
L Town Lawrenceville
5%
S Town Scottsville
5%
S Town Stephens City
5%
W Town Waverly
5%
W Town West Point
5%
W Town Woodstock
5%
A Town Appalachia
4%
B Town Boykins
4%
B Town Broadway
4%
C Town Charlotte Court House
4%
C Town Crewe
4%
E Town Edinburg
4%
G Town Gate City
4%
G Town Glade Spring
4%
G Town Grottoes
4%
I Town Irvington
4%
I Town Ivor
4%
K Town Keysville
4%
L Town La Crosse
4%
L Town Lovettsville
4%
M Town Monterey
4%
M Town Mount Jackson
4%
N Town Narrows
4%
P Town Pocahontas
4%
R Town Rural Retreat
4%
S Town Saltville
4%
T Town Tangier
4%
T Town Troutville
4%
U Town Urbanna
4%
B Town Boones Mill
3%
B Town Boyce
3%
B Town Boydton
3%
B Town Branchville
3%
B Town Brodnax
3%
B Town Brookneal
3%
B Town Burkeville
3%
C Town Capron
3%
C Town Chase City
3%
C Town Cheriton
3%
C Town Clintwood
3%
C Town Coeburn
3%
C Town Craigsville
3%
D Town Dendron
3%
D Town Drakes Branch
3%
F Town Fincastle
3%
G Town Glen Lyn
3%
G Town Goshen
3%
G Town Gretna
3%
H Town Haysi
3%
H Town Honaker
3%
H Town Hurt
3%
J Town Jarratt
3%
K Town Kenbridge
3%
M Town McKenney
3%
M Town Melfa
3%
M Town Montross
3%
P Town Pembroke
3%
P Town Pound
3%
R Town Round Hill
3%
S Town Stanley
3%
S Town St. Paul
3%
T Town The Plains
3%
T Town Timberville
3%
T Town Troutdale
3%
B Town Belle Haven
2%
B Town Bloxom
2%
C Town Cedar Bluff
2%
C Town Claremont
2%
C Town Clinchco
2%
C Town Clinchport
2%
D Town Duffield
2%
D Town Dungannon
2%
E Town Eastville
2%
H Town Hallwood
2%
I Town Iron Gate
2%
K Town Keller
2%
M Town Mount Crawford
2%
N Town Nassawadox
2%
N Town Newsoms
2%
O Town Onley
2%
P Town Painter
2%
P Town Pamplin City
2%
P Town Parksley
2%
P Town Pennington Gap
2%
P Town Phenix
2%
P Town Port Royal
2%
R Town Remington
2%
R Town Rich Creek
2%
R Town Richlands
2%
R Town Ridgeway
2%
S Town Saxis
2%
S Town Scottsburg
2%
S Town Stanardsville
2%
S Town Stony Creek
2%
V Town Virgilina
2%
W Town Wachapreague
2%
W Town White Stone
2%
N Town Nickelsville
1%
S Town St. Charles
1%
T Town Toms Brook
1%
W Town Weber City
1%
No matching quizzes found
Score Distribution
Percent of People with Each Score
Percentile by Number Answered
Your Score History
You have not taken this quiz